| Registos Bibliográficos associados ao registo de autoridade |
|
Etiqueta de registo: 00000nam 2200025 450 001 2284247 003 http://id.bnportugal.gov.pt/bib/catbnp/2284247 100 ## $a20260413d2025 k y0pory01030103ba 101 0# $apor$deng 102 ## $aPT 105 ## $aa m 000yy 106 ## $ar 200 1# $a As primeiras médicas do Porto$fAlda Delicado$gorient. Sílvia Adriana Barbosa Correia, Amélia Assunção Beira Ricon Ferraz 210 #9 $aPorto$c[s.n.],$d2025 215 ## $a326 p.$cil.$d30 cm 328 #1 $aTese dout. História, Faculdade de Letras, Universidade do Porto, 2025 675 ## $a94(469.121)(043)$vBN$zpor$31222850 675 ## $a616-055.2(469.121)(043)$vBN$zpor$31997348 700 #1 $aDelicado,$bAlda$31995539 702 #1 $aFerraz,$bAmélia Ricon$4727$364450 702 #1 $92$aCorreia,$bSílvia$4727$31483230 801 #0 $aPT$bBN$gRPC 966 ## $lBN$mFGMON$sH.G. 89145 V.$x1 971 ## $ccsilva$d20260413 972 ## $e0$z0$d20260505$vasantos 973 ## $ctrodrigues$d20260430
|
|
|